Los filibusteros de Finme / (Registro nro. 91317)

Detalles MARC
000 -LEADER
campo de control de longitud fija 00530nam a2200193 i 4500
001 - NÚMERO DE CONTROL
campo de control 91317
003 - IDENTIFICADOR DE NÚMERO DE CONTROL
campo de control ES-MaACL
005 - FECHA Y HORA DE LA ÚLTIMA TRANSACCIÓN
campo de control 20230906180707.0
007 - CAMPO FIJO DE DESCRIPCIÓN FÍSICA--INFORMACIÓN GENERAL
campo de control de longitud fija t|
008 - DATOS DE LONGITUD FIJA--INFORMACIÓN GENERAL
campo de control de longitud fija 050128s1919 ag ||||1| spa d
100 1# - ENTRADA PRINCIPAL--NOMBRE DE PERSONA
Nombre de persona Leptir.
9 (RLIN) 71739
245 14 - MENCIÓN DEL TÍTULO
Título Los filibusteros de Finme /
Mención de responsabilidad, etc. Leptir.
260 ## - PUBLICACIÓN, DISTRIBUCIÓN, ETC.
Lugar de publicación, distribución, etc. Buenos Aires :
Nombre del editor, distribuidor, etc. Edición de la Defensa Nacional Yugoslava,
Fecha de publicación, distribución, etc. 1919.
300 ## - DESCRIPCIÓN FÍSICA
Extensión v.
490 1# - MENCIÓN DE SERIE
Mención de serie Biblioteca del Jadran
830 0# - PUNTO DE ACCESO ADICIONAL DE SERIE-TÍTULO UNIFORME
Título uniforme Biblioteca del Jadran
9 (RLIN) 231976
852 ## - LOCALIZACIÓN
Ubicación ES-MaACL
Número de control de estantería 1583-F-20
Existencias
Estatus retirado Estado de pérdida Estado de daño No para préstamo Colección Biblioteca de origen Biblioteca actual Ubicación en estantería Fecha de adquisición Fuente de adquisición Total de préstamos Signatura topográfica completa Código de barras Visto por última vez Precio de reemplazo Tipo de ítem Koha
        Colección de folletos Biblioteca del Ateneo de Madrid Biblioteca del Ateneo de Madrid Depósito folletos 17/01/2008     1583-F-20 1095338 23/02/2023 23/02/2023 Folleto